000 02834nam a2200397 i 4500
001 13
003 gtuscu
005 20250820154353.0
007 ta
008 241003t20202014mx a|||gr|||| 001 |bspa d
020 _a9786073127981
_cDisponible
040 _agtuscu
_bspa
_cgtuscu
_erda
082 0 4 _a909 H254
_bH254
100 1 _aHarari, Yuval Noah,
_d1976- ,
_eautor
245 1 0 _aDe animales a dioses :
_bBreve historia de la humanidad /
_cHarari Yuval Noah; traductor Ros, Joandomènec.
250 _aPrimera edición.
_bVigésima sexta reimpresión.
264 1 _aCiudad de México, México :
_bPenguin Random House Grupo Editorial,
_c2020.
264 1 _c©2020
300 _a492 páginas :
_bilustraciones blanco y negro ;
_c24 cm
336 _atexto
_btxt
_2rdacontenido
337 _ano mediado
_bn
_2rdamedio
338 _avolumen
_bnc
_2rdasoporte
500 _aContiene índice alfabético páginas 479-492.
501 _aNotas páginas 457-473
504 _aNotas
505 0 _gParte I:
_tLa revolución cognitiva --
505 0 _gParte II:
_tLa revolución agrícola --
505 0 _gParte III:
_tLa unificación de la humanidad --
505 0 _gParte IV:
_tLa revolución científica.
520 3 _a¿Cómo logró nuestra especie imponerse en la lucha por la existencia? ¿Por qué nuestros ancestros recolectores se unieron para crear ciudades y reinos? ¿Cómo llegamos a creer en dioses, en naciones o en los derechos humanos; a confiar en el dinero, en los libros o en las leyes? ¿Cómo acabamos sometidos en la burocracia, a los horarios y al consumismo? ¿Y cómo será el mundo en los milenios venideros? En De animales a dioses, Yuval Noah Harari traza una breve historia de la humanidad, desde los primeros humanos que caminaron sobre la Tierra hasta los radicales y a veces devastadores avances de las tres grandes revoluciones que nuestra especie ha protagonizado: la cognitiva, la agrícola y la científica. A partir de hallazgos de disciplinas tan diversas como la biología, la antropología, la paleontología o la economía, Harari explora cómo las grandes corrientes de la historia han modelado nuestra sociedad, los animales y las plantas que nos rodean e incluso nuestras personalidades. ¿Hemos ganado en felicidad a medida que ha avanzado la historia? ¿Seremos capaces de liberar alguna vez nuestra conducta de la herencia del pasado? ¿Podemos hacer algo para influir en los siglos futuros? Audaz, ambicioso y provocador, este libro cuestiona todo lo que creíamos saber sobre el ser humano: nuestros orígenes, nuestras ideas, nuestras acciones, nuestro poder … y nuestro futuro.
521 _aRecomendado para público general
650 1 4 _aHistoria universal
_2LEMB
650 1 4 _aCivilización
_2LEMB
_xHistoria
700 1 _aRos, Joandomènec
_etraductor
942 _2ddc
_cBK
_n0
999 _c13
_d13